<?xml version="1.0" encoding="UTF-8"?><?xml-stylesheet type="text/xsl" href="static/style.xsl"?><OAI-PMH xmlns="http://www.openarchives.org/OAI/2.0/" xmlns:xsi="http://www.w3.org/2001/XMLSchema-instance" xsi:schemaLocation="http://www.openarchives.org/OAI/2.0/ http://www.openarchives.org/OAI/2.0/OAI-PMH.xsd"><responseDate>2026-04-17T12:05:00Z</responseDate><request verb="GetRecord" identifier="oai:www.recercat.cat:10459.1/469773" metadataPrefix="marc">https://recercat.cat/oai/request</request><GetRecord><record><header><identifier>oai:recercat.cat:10459.1/469773</identifier><datestamp>2026-03-16T19:17:13Z</datestamp><setSpec>com_2072_3622</setSpec><setSpec>col_2072_479130</setSpec></header><metadata><record xmlns="http://www.loc.gov/MARC21/slim" xmlns:dcterms="http://purl.org/dc/terms/" xmlns:xsi="http://www.w3.org/2001/XMLSchema-instance" xmlns:doc="http://www.lyncode.com/xoai" xsi:schemaLocation="http://www.loc.gov/MARC21/slim http://www.loc.gov/standards/marcxml/schema/MARC21slim.xsd">
   <leader>00925njm 22002777a 4500</leader>
   <datafield ind2=" " ind1=" " tag="042">
      <subfield code="a">dc</subfield>
   </datafield>
   <datafield ind2=" " ind1=" " tag="720">
      <subfield code="a">Mellinas, Juan Pedro</subfield>
      <subfield code="e">author</subfield>
   </datafield>
   <datafield ind2=" " ind1=" " tag="720">
      <subfield code="a">Martín Fuentes, Eva</subfield>
      <subfield code="e">author</subfield>
   </datafield>
   <datafield ind2=" " ind1=" " tag="260">
      <subfield code="c">2024</subfield>
   </datafield>
   <datafield ind2=" " ind1=" " tag="520">
      <subfield code="a">Online reviews play a crucial role in shaping consumer decisions, particularly in the hospitality industry where the intangibility of services creates uncertainty. The lack of a standardized approach to measure the quality of hotels
based on online reviews poses challenges for consumers and businesses alike. In the past, there have been various attempts to create a global index of average accommodation scores. However, all of them presented serious deficiencies in terms of transparency and level of dissemination, failing to achieve the expected success. To address these challenges, the study proposes the establishment of a rational reputation standard for accommodation services through online reviews. ADelphi method is proposed to seek consensus among academic experts and hotel managers, aiming to prioritize criteria for creating a transparent algorithm and a reliable global index for comparing accommodation establishments. The proposed rational reputation standard aims to empower consumers, allowing them to make informed decisions, while benefiting the hospitality industry by promoting transparency and credibility, as well as to allow public authorities with knowledge to establish a quality standard based on online reviews.</subfield>
   </datafield>
   <datafield ind2=" " ind1=" " tag="520">
      <subfield code="a">This research has been funded by the Spanish Ministry of Science and InnovationMCIN/AEI/https://doi.org/10.13039/501100011033/ FEDER, UE within the RevTour project Id PID2022-138564OA-I00, the Gastrotur Project Id TUR-RETOS2022-017, and by the INDEST-UdL within the ResTur project for the call 2023CRINDESTABC.</subfield>
   </datafield>
   <datafield ind1="8" ind2=" " tag="024">
      <subfield code="a">https://hdl.handle.net/10459.1/469773</subfield>
   </datafield>
   <datafield tag="653" ind2=" " ind1=" ">
      <subfield code="a">Online reviews</subfield>
   </datafield>
   <datafield tag="653" ind2=" " ind1=" ">
      <subfield code="a">Transparency</subfield>
   </datafield>
   <datafield tag="653" ind2=" " ind1=" ">
      <subfield code="a">Hotel standards</subfield>
   </datafield>
   <datafield ind2="0" ind1="0" tag="245">
      <subfield code="a">The Complex World of Online Reviews: Criteria for Establishing a Global Index for Accommodation</subfield>
   </datafield>
</record></metadata></record></GetRecord></OAI-PMH>